000 00937nas a2200301 4500
001 BR0305492
003 BR-BrBNA
005 20231205104152.0
007 ta
008 230509b bl.|||p| |||| 00| 00por d
040 _aBR-BrBNA
_bpor
_cBiblioteca Nacional de Agricultura
041 _a(Pt)
072 _aL51
100 1 _aMoreira, I.
100 1 _aRibeiro, C.R.
100 1 _aFurlan, A.C.
100 1 _aScapinello, C.
100 1 _aKutschenko, M.
245 1 _aUtilização do farelo de germe de milho desengordurado na alimentação de suínos em crescimento e terminação; digestibilidade e desempenho
650 _aSUÍNO
650 _aMILHO
650 _aFARELO
650 _aDIGESTIBILIDADE
650 _aPERFORMANCE
773 0 _tRevista Brasileira de Zootecnia (Brazil)
_xISSN 1516-3598
_g(Nov-Dec 2002), v. 31(6) p. 2238-2246
_wBR0305492
909 _a202311
_bLúcia
_c55
_dLúcia Elande
942 _2AGRIS
_n0
_cANA
999 _c176729
_d176729